Mughal administration / (Record no. 187356)

MARC details
000 -LEADER
fixed length control field 00519nam a22001937a 4500
005 - DATE AND TIME OF LATEST TRANSACTION
control field 20220413111339.0
010 ## - LCCN (DPL NO)
LC control number B-744578
020 ## - INTERNATIONAL STANDARD BOOK NUMBER
Terms of availability 5.00
035 ## - SYSTEM CONTROL NUMBER
System control number B-744578
037 ## - SOURCE OF ACQUISITION
Source of stock number/acquisition Gift
082 ## - DEWEY DECIMAL CLASSIFICATION NUMBER
Classification number 340.954
100 ## - MAIN ENTRY--PERSONAL NAME
Personal name Jadunath Sarkar
245 ## - TITLE STATEMENT
Title Mughal administration /
Statement of responsibility, etc by Jadunath Sarkar
250 ## - EDITION STATEMENT
Edition statement 5th ed
260 ## - PUBLICATION, DISTRIBUTION, ETC. (IMPRINT)
Place of publication, distribution, etc Calcutta
Name of publisher, distributor, etc Supriya Sarkar
Date of publication, distribution, etc 1963
270 ## - ADDRESS
Address 14, Bankim Chatterjee Street
City Calcutta
Postal code 12
300 ## - PHYSICAL DESCRIPTION
Extent vii, 256p.
Dimensions 18cm(Hb)
942 ## - ADDED ENTRY ELEMENTS (KOHA)
Source of classification or shelving scheme Dewey Decimal Classification
Item type English Books
Classification part 340.954
Call number suffix JAD
Holdings
Withdrawn status Lost status Materials specified (bound volume or other part) Not for loan Collection code Home library Current library Date acquired Source of acquisition Cost, normal purchase price Full call number Barcode Copy number Cost, replacement price Koha item type
    Rare   Non-fiction Central Library Central Library 13/04/2022 Gift 5.00 340.954 JAD B-744578 1 5.00 English Books

© Delhi Public Library
Hit Counter
free hit counter